[Event "IECC CL6-1998.14"]
[Site "IECC email"]
[Date "1998.10.20"]
[Round "?"]
[White "Sinclair, Jake"]
[Black "Henoch, Mark"]
[Result "1-0"]
[WhiteElo "1350"]
[BlackElo "1297"]
[PlyCount "27"]
[EventDate "1998.??.??"]
[EventType "tourn (corr)"]
[EventRounds "4"]
[SourceTitle "Corr 2008"]
[Source "ChessBase"]
[SourceDate "2008.06.24"]
[SourceVersion "1"]
[SourceVersionDate "2008.06.24"]
[SourceQuality "1"]

1. e4 c5 2. Nf3 Nc6 3. d4 cxd4 4. Nxd4 Nf6 5. Nc3 d6 6. Bc4 e6 7. Bb3 Be7 8. f4 Bd7 9. 0-0 Qb6 10. Be3 e5 11. fxe5 dxe5 12. Nf5 Nd4 13. Nxe7 Kxe7 14. Rxf6 1-0